|
|
|
|
| LEADER |
00741nam a2200205Ia 4500 |
| 001 |
CTU_131433 |
| 008 |
210402s9999 xx 000 0 und d |
| 020 |
|
|
|c 48000
|
| 082 |
|
|
|a 621.82
|
| 082 |
|
|
|b Ch124
|
| 100 |
|
|
|a Trịnh, Chất
|
| 245 |
|
0 |
|a Cơ sơ thiết kế máy và chi tiết máy:
|
| 245 |
|
0 |
|b (Sách được dùng làm giáo trình cho sinh viên đại học và cao đẳng kỹ thuật)
|
| 245 |
|
0 |
|c Trịnh Chất
|
| 260 |
|
|
|a Hà Nội
|
| 260 |
|
|
|b Khoa học và Kỹ thuật
|
| 260 |
|
|
|c 2007
|
| 650 |
|
|
|a Machine design,Chi tiết máy,Machine parts,Các bộ phận của máy
|
| 904 |
|
|
|i Hiếu
|
| 980 |
|
|
|a Trung tâm Học liệu Trường Đại học Cần Thơ
|